000 00853cad a22002055a 4500
001 L156655
008 120618e20120206xxk f 000 0 eng d
035 _a(Sirsi) u156655
041 0 _aeng
110 2 _aMarkit
_95915
245 0 0 _aGerman construction activity contracts in May
_h[electronic resource]
260 _c2012
490 _aMarkit News Release
_v6 June 2012
520 _aMarkit Germany Construction PMI key points are: total construction work down markedly, led by drop in commercial activity; new orders fall at faster pace; and employment levels unchanged over the month.
590 _aKA
651 4 _aGermany
_y1990-
690 _aConstruction management
_96230
856 4 0 _uhttps://www.markiteconomics.com/MarkitFiles/Pages/ViewPressRelease.aspx?ID=9658
_zView this item free of charge at www.markiteconomics.com
942 _n0
999 _c114347
_d114347